Insurance:Principle and Practice (Record no. 3027)

MARC details
005 - DATE AND TIME OF LATEST TRANSACTION
control field 20250602133741.0
020 ## - INTERNATIONAL STANDARD BOOK NUMBER
International Standard Book Number 9788121910217
100 ## - MAIN ENTRY--PERSONAL NAME
Author name MISHRA,M.
245 ## - TITLE STATEMENT
Title Insurance:Principle and Practice
260 ## - PUBLICATION, DISTRIBUTION, ETC.
Place of publication, distribution, etc. New Delhi
Name of publisher, distributor, etc. S.Chand &Company Ltd
Date of publication, distribution, etc. 2012
300 ## - PHYSICAL DESCRIPTION
Extent viii, 826p.:ill.;graph,table,
Dimensions 24cm
700 ## - ADDED ENTRY--PERSONAL NAME
Other authors/Editors MISHRA,S. B
942 ## - ADDED ENTRY ELEMENTS (KOHA)
Source of classification or shelving scheme Dewey Decimal Classification
Koha item type Books
Holdings
Date last seen Total checkouts Full call number Barcode Cost, replacement price Price effective from Koha item type Lost status Source of classification or shelving scheme Damaged status Not for loan Withdrawn status Home library Current library Shelving location Date acquired Source of acquisition Cost, normal purchase price
06/02/2025   368.01 MIS MBY000895 75000.00 06/02/2025 Books   Dewey Decimal Classification       CBE MBEYA CBE MBEYA Special Reserve Collection 06/13/2022 Purchase 25000.00